000 00700nam a2200229Ia 4500
003 GCL
008 140319s9999 xx 000 0 ara d
040 _aGCL /
_cGCL
082 0 4 _a621.388
_bم د
100 1 _aصلاح عامر
245 1 0 _aدروس فى خدمة التلفزيون /
_cصلاح عامر
700 1 _aرزق باسيلى
700 1 _aمعهد ايه. ار. سى
300 _a537 ص
490 _aالالف كتاب
_v0
650 0 4 _aالتليفزيون
650 0 4 _aالتليفزيون - هندسة
650 0 4 _aالتليفزيون - تصليح
650 0 4 _aالتليفزيون - اجهزة
650 0 4 _aالتليفزيون - صيانة
942 _2ddc
_cBK
999 _c45637
_d45637